000 00394pab a2200157 454500
008 180718b1995 xxu||||| |||| 00| 0 eng d
100 _aWadhva, Kiran
245 _aAction plan must for rental housing.
260 _c1995
300 _ap.8
362 _a5 May
650 _aRental housing
650 _aHousing - Law and legislation - India
773 _aFinancial Express
909 _a28935
999 _c28935
_d28935